| 000 | 00410nam a22001457a 4500 | ||
|---|---|---|---|
| 008 | 250702b |||||||| |||| 00| 0 eng d | ||
| 020 | _a9789789055098 | ||
| 050 |
_aBF701 _b.K67 |
||
| 100 | _aKorb Katrina A. | ||
| 245 | _aDevelopmental psychology | ||
| 260 |
_aPlateau _bAfrica christian textbooks (Acts) _c2022 |
||
| 300 |
_av, 246p. _b2022 |
||
| 650 |
_aDevelopmental psychology _vHuman behaviour |
||
| 942 | _cBK | ||
| 999 |
_c4047 _d4047 |
||